Top 10 San Diego Padres of All-Time - Statistics

General Stats
  • This quiz has been taken 1,606 times
  • The average score is 4 of 10
Answer Stats
WAR Years Position Answer % Correct
65.0 1982-2001 OF Tony Gwynn
98%
25.1 1993-2008 P Trevor Hoffman
69%
28.8 2002-2008 P Jake Peavy
57%
19.1 2006-2010 1B Adrian Gonzalez
54%
29.1 1973-1980 OF Dave Winfield
50%
18.9 2007-2014, 2018 3B Chase Headley
37%
23.2 1973-1980 P Randy Jones
34%
18.3 2003-2009 OF Brian Giles
22%
22.6 1989-1995 P Andy Benes
13%
18.8 1977-1980 C/1B Gene Tenace
7%
No matching quizzes found
Score Distribution
Percent of People with Each Score
Percentile by Number Answered
Your Score History
You have not taken this quiz